Performance appraisal of library professionals / (Record no. 132142)

MARC details
000 -LEADER
fixed length control field 00684nam a22002297a 4500
005 - DATE AND TIME OF LATEST TRANSACTION
control field 20170124110148.0
010 ## - LIBRARY OF CONGRESS CONTROL NUMBER
LC control number B-209666
020 ## - INTERNATIONAL STANDARD BOOK NUMBER
Terms of availability 00.00
International Standard Book Number 8185212775
035 ## - SYSTEM CONTROL NUMBER
System control number B-209666
037 ## - SOURCE OF ACQUISITION
Source of stock number/acquisition Cen Lib/Ret
040 ## - CATALOGING SOURCE
Original cataloging agency DPL
Language of cataloging EN
082 ## - DEWEY DECIMAL CLASSIFICATION NUMBER
Classification number 023.2
Item number CHO
100 ## - MAIN ENTRY--PERSONAL NAME
Personal name Chopra, Hans Raj
9 (RLIN) 33818
245 ## - TITLE STATEMENT
Title Performance appraisal of library professionals /
Statement of responsibility, etc by Hans Raj Chopra
260 ## - PUBLICATION, DISTRIBUTION, ETC. (IMPRINT)
Place of publication, distribution, etc Chandigarh
Name of publisher, distributor, etc Arun Publishing House
Date of publication, distribution, etc 2001
270 ## - ADDRESS
Address SCO 49-51, Sector -17C
City Chandigarh
Postal code 160017
300 ## - PHYSICAL DESCRIPTION
Extent 96p.
Dimensions 21cm(Hb)
650 ## - SUBJECT ADDED ENTRY--TOPICAL TERM
Topical term or geographic name as entry element Library Science
9 (RLIN) 33819
650 ## - SUBJECT ADDED ENTRY--TOPICAL TERM
Topical term or geographic name as entry element library professionals
9 (RLIN) 33820
700 ## - ADDED ENTRY--PERSONAL NAME
9 (RLIN) 33767
942 ## - ADDED ENTRY ELEMENTS (KOHA)
Source of classification or shelving scheme Dewey Decimal Classification
Koha item type English Books
Classification part 023.2
Call number suffix CHO
Holdings
Withdrawn status Lost status Damaged status Not for loan Home library Current library Date acquired Source of acquisition Cost, normal purchase price Total Checkouts Full call number Barcode Date last seen Date checked out Copy number Cost, replacement price Price effective from Koha item type
        Central Library Central Library 21/07/2015 Cen Lib/Ret 0.00 1 023.2 CHO B-209666 23/06/2019 09/06/2019 1 0.00 21/07/2015 English Books

© Delhi Public Library
Hit Counter
free hit counter